| 000 | 00430cam a22001457a 4500 | ||
|---|---|---|---|
| 008 | 180718b1965 xxu||||| |||| 00| 0 eng d | ||
| 082 | _aA99 G151c/B469 | ||
| 100 | _aBhattacharyya, S.N. | ||
| 245 |
_aMahatma Gandhi, the journalist _cBy S.N. Bhattacharyya |
||
| 260 |
_aBombay _bAsia _c1965 |
||
| 300 | _a195p. | ||
| 500 | _aRs.16.00 | ||
| 650 | _aJournalism | ||
| 650 | _aGandhi, Mohandas Karamchand - Criticism and Interpretation | ||
| 999 |
_c359608 _d359608 |
||